| 000 | 00590nam a2200169Ia 4500 | ||
|---|---|---|---|
| 003 | OSt | ||
| 005 | 20250610123826.0 | ||
| 008 | 250610s9999 xx 000 0 und d | ||
| 040 | _cAACR2 | ||
| 082 | _a297.09 RIZ | ||
| 100 | _aRizvi, Syed Ali Akbar | ||
| 245 | 0 | _aTareekh-e-Islam Ka Safar (Hissa Awwal): Hazrat Adam A.S. Se Hazrat Khatim S.A.W. (تاریخِ اسلام کا سفر (حصہ اوّل): حضرت آدم علیہ السلام سے حضرت محمد ﷺ تک) | |
| 260 |
_aKarachi: _bWelcome Book Board, _c2003 |
||
| 300 | _a669p. | ||
| 600 | _aIslam | ||
| 942 |
_cGB _2ddc |
||
| 999 |
_c31414 _d31414 |
||